00493nam a22001697a 450000500170000001000150001702000110003203500140004303700130005708200120007010000100008224500810009226000400017327000590021330000280027270000230030020170830101515.0 aENG-120124 c249.00 aEN-103656 bDBAD/PUB a808.883 aSane  aShyamchi Aai :bdiary of Shyam /cby Sane ; translated by Vijaya Deshpande  aPune bKamalprabha Prakashan c2017 a95/59, Erandawana, Near Mhatre Bridge, bPune e411004 a284p. :billc21cm(pbk) aDeshpande, Vijaya